Sports Quiz

Random Sports Quiz

My favorite teams Quiz Stats

Quiz not verified by Sporcle

Challenge
Share
Tweet
Embed
Score 0/10 Timer 10:00
0 Plays Today
Sport team % Correct
BaseballYankees
81%
College BasketballDuke
81%
College FootballAlabama
76.2%
BasketballKnicks
66.7%
HockeyCapitals
57.1%
FootballSaints
52.4%
CountryCanada
47.6%
SoccerBarcelona
38.1%
SoccerManchester City
38.1%
SoccerSpain
33.3%

You're not logged in!

Compare scores with friends on all Sporcle quizzes.
Join for Free
OR
Log In

You Might Also Like...

Show Comments

Extras

Created Jan 18, 2012ReportNominate
Tags:favorite, league, team

Top Quizzes Today


Score Distribution

Your Account Isn't Verified!

In order to create a playlist on Sporcle, you need to verify the email address you used during registration. Go to your Sporcle Settings to finish the process.

Report this User

Report this user for behavior that violates our Community Guidelines.

Details: